LEADER 00984nam a2200229 i 4500 001 000000172271 003 CaOOAMICUS 005 20080604000000.0 008 080604s1959 it u000 u ita u 013 $a149712 040 $aSeMil$bita 100 1 $aMaupassant, Guy : de,$d<1850-1893>.$0(OLS)http://semarc/name/8910 240 10$aBel-Ami.$0(OLS)http://semarc/title/139154 245 10$aBel-Ami /$cGuy De Maupassant ; Prefazione e Traduzione a Cura di Lionello Sozzi. 260 $aTorino :$bUnione Tipografico-Editrice Torinese,$cstampa 1959. 300 $a418 p., [1] p. di ritratto ;$c19 cm. 500 $aContiene : Nota biografica e bibliografica. 700 1 $aSozzi, Lionello.$0(OLS)http://semarc/name/58054 850 $aSeMil 852 $aSeMil$W1$xVenegono$y1$m1W III 80$j123133$B123133$CSeMilBibl$Z2$F134390 $81 996 $6245$aBel-Ami$9(OLS)http://semarc/title/246651 996 $6260$aTorino :$bUnione Tipografico-Editrice Torinese$9(OLS)http://semarc/publisher/29628 LEADER 01492nam a2200265 i 4500 001 000000092059 003 CaOOAMICUS 005 20240327104318.0 008 171127s2007 it u000 u ita u 013 $a64301 040 $aSeMil$bita 245 10$aStoria di Cimiano e della parrocchia di San Girolamo Emiliani /$cA cura di Ferdinando Scala ; contributi di don Luigi Maria Verzé ... [et al.] ; presentazione di padre Giancarlo Caprini. 260 $aMilano :$bAssociazione Formazione Giovanni Piamarta,$c2007. 300 $aVIII, 391 p. :$bill. ;$c29 cm. 500 $aIn calce al front.: Congregazione Sacra Famiglia di Nazareth, con il patrocinio degli Assessorati alla Cultura di Regione Lombardia, Provincia di Milano, Comune di Milano. 650 4$aMilano - Rioni e quartieri - Cimiano - Chiese - San Gerolamo Emiliani.$0(OLS)http://semarc/subject/55307 700 1 $aScala, Ferdinando.$0(OLS)http://semarc/name/92425 700 1 $aCaprini, Giancarlo .$0(OLS)http://semarc/name/92426 700 1 $aVerzé, Luigi Maria,$c.$0(OLS)http://semarc/name/11056 850 $aSeMil 852 $aSeMil$W1$xVenegono$y1$m3P V 468$j54985$B54985$CSeMilBibl$Z2$F59660 $81 961 $aOmaggio: Delpini mons. Mario 996 $6245$aStoria di Cimiano e della parrocchia di San Girolamo Emiliani$9(OLS)http://semarc/title/406124 996 $6260$aMilano :$bAssociazione Formazione Giovanni Piamarta$9(OLS)http://semarc/publisher/56840